|
|
|
|
| LEADER |
00000cam a22000004a 4500 |
| 001 |
musev2_58124 |
| 003 |
MdBmJHUP |
| 005 |
20230905045949.0 |
| 006 |
m o d |
| 007 |
cr||||||||nn|n |
| 008 |
180316s2018 mdu o 00 0 eng d |
| 010 |
|
|
|z 2017025726
|
| 020 |
|
|
|a 9781421424828
|
| 020 |
|
|
|z 9781421436340
|
| 020 |
|
|
|z 9781421424811
|
| 035 |
|
|
|a (OCoLC)1028747414
|
| 040 |
|
|
|a MdBmJHUP
|c MdBmJHUP
|
| 100 |
1 |
|
|a Monaco, C. S.,
|d 1950-
|e author.
|
| 245 |
1 |
4 |
|a The Second Seminole War and the Limits of American Aggression /
|c C.S Monaco.
|
| 264 |
|
1 |
|a Baltimore :
|b Johns Hopkins University Press,
|c 2018.
|
| 264 |
|
3 |
|a Baltimore, Md. :
|b Project MUSE,
|c 2018
|
| 264 |
|
4 |
|c ©2018.
|
| 300 |
|
|
|a 1 online resource (304 pages):
|b illustrations, maps, portraits
|
| 336 |
|
|
|a text
|b txt
|2 rdacontent
|
| 337 |
|
|
|a computer
|b c
|2 rdamedia
|
| 338 |
|
|
|a online resource
|b cr
|2 rdacarrier
|
| 505 |
0 |
|
|a Part I. Genesis of the war -- Treaties and reservations -- Seminoles, slaves and Maroons -- Part II. War of Indian removal -- "It came with the suddenness of the whirlwind" -- The United States responds -- "Sacrifice of national honor" -- The last pitched battles -- "Never ending, still beginning war" -- Part III. Health, medicine and the environment -- Malarial sword and shield -- Land of darkness and shadows -- Part IV. The war and "the national mind" -- Osceola as settler-colonial icon -- Bloodhounds, abolitionists and freedom fighters -- Epilogue.
|
| 588 |
|
|
|a Description based on print version record.
|
| 650 |
|
7 |
|a HISTORY
|z United States
|x State & Local
|x General.
|2 bisacsh
|
| 650 |
|
6 |
|a Guerre contre les Seminoles, 2e, 1835-1842.
|
| 650 |
|
0 |
|a Seminole War, 2nd, 1835-1842.
|
| 655 |
|
7 |
|a Electronic books.
|2 local
|
| 710 |
2 |
|
|a Project Muse.
|e distributor
|
| 830 |
|
0 |
|a Book collections on Project MUSE.
|
| 856 |
4 |
0 |
|z Texto completo
|u https://projectmuse.uam.elogim.com/book/58124/
|
| 945 |
|
|
|a Project MUSE - Custom Collection
|
| 945 |
|
|
|a Project MUSE - 2018 Complete
|
| 945 |
|
|
|a Project MUSE - 2018 History
|
| 945 |
|
|
|a Project MUSE - 2018 Native American and Indigenous Studies
|